000 00690nam a22002417a 4500
003 UA-OsUOA
001 46962
007 ta
008 20120518b un ||||| |||| 00| 0 ukr d
100 _aСтрийський В.
090 _a09.-82-94
_bС85
942 _cBR
040 _aUA-OsUOA
_bukr
_cUA-OsUOA
_dUA-OsUOA
245 _aНа грані доби
_bзаписки партизана
300 _a23 с.
955 _a4
041 _aukr
080 _a09.-82-94
260 _aКраків
_c1942
650 7 _a0 Загальний відділ.
_2UDC
999 _c427067
_d427067